Methodology of Educational Research (Record no. 16997)
[ view plain ]
| 000 -LEADER | |
|---|---|
| fixed length control field | 00301nam a22001217a 4500 |
| 008 - FIXED-LENGTH DATA ELEMENTS--GENERAL INFORMATION | |
| fixed length control field | 140218t xxu||||| |||| 00| 0 eng d |
| 020 ## - INTERNATIONAL STANDARD BOOK NUMBER | |
| International Standard Book Number | 0-7069-8852-3 |
| 100 ## - MAIN ENTRY--PERSONAL NAME | |
| Personal name | Lokesh Koul |
| 9 (RLIN) | 740 |
| 245 ## - TITLE STATEMENT | |
| Title | Methodology of Educational Research |
| 250 ## - EDITION STATEMENT | |
| Edition statement | third revised edition |
| 300 ## - PHYSICAL DESCRIPTION | |
| Extent | 543 |
| 942 ## - ADDED ENTRY ELEMENTS (KOHA) | |
| Source of classification or shelving scheme | |
| Koha item type | Book |
| Withdrawn status | Lost status | Source of classification or shelving scheme | Damaged status | Not for loan | Permanent Location | Current Location | Date acquired | Total Checkouts | Full call number | Barcode | Date last seen | Price effective from | Koha item type |
|---|---|---|---|---|---|---|---|---|---|---|---|---|---|
| Atta-ur-Rahman School of Applied Biosciences (ASAB) | Atta-ur-Rahman School of Applied Biosciences (ASAB) | 02/18/2014 | 370.72 KOU | ASAB111a | 02/18/2014 | 02/18/2014 | Book | ||||||
| Atta-ur-Rahman School of Applied Biosciences (ASAB) | Atta-ur-Rahman School of Applied Biosciences (ASAB) | 02/18/2014 | 370.72 KOU | ASAB110 | 02/18/2014 | 02/18/2014 | Book |
